000 00323nam a2200121Ia 4500
008 190216s9999||||xx |||||||||||||| ||und||
100 _a"Ramakrishnan Tv,Subramanyam Sv,Vishveshwara"
245 0 _aClass Ix
260 _bNational Council Of Educational Research
_c1990
300 _a193p
650 _aPhysics
942 _cREF
999 _c36102
_d36102